|
|
|
|
| LEADER |
00000cam a22000004a 4500 |
| 001 |
musev2_55002 |
| 003 |
MdBmJHUP |
| 005 |
20230905045706.0 |
| 006 |
m o d |
| 007 |
cr||||||||nn|n |
| 008 |
100322s2009 sp o 00 0 spa d |
| 010 |
|
|
|z 2010541622
|
| 020 |
|
|
|a 9788490440056
|
| 020 |
|
|
|z 9788484276968
|
| 040 |
|
|
|a MdBmJHUP
|c MdBmJHUP
|
| 050 |
0 |
4 |
|a PQ6357.A85
|b S44 2009
|
| 245 |
0 |
0 |
|a Seguimos caminando. VII Certamen Santa Tecla de relato breve. /
|c coordinadora, María Concepción Avilero Nieto.
|
| 264 |
|
1 |
|a Cuenca :
|b Ediciones de la Universidad de Castilla-La Mancha,
|c 2009.
|
| 264 |
|
3 |
|a Baltimore, Md. :
|b Project MUSE,
|c 0000
|
| 264 |
|
4 |
|c ©2009.
|
| 300 |
|
|
|a 1 online resource (128 pages).
|
| 336 |
|
|
|a text
|b txt
|2 rdacontent
|
| 337 |
|
|
|a computer
|b c
|2 rdamedia
|
| 338 |
|
|
|a online resource
|b cr
|2 rdacarrier
|
| 505 |
0 |
|
|a El llanto de la vieja Hilda / Miguel Angel Molina Jimenez -- Cuerpos celestes / Jose Angel Sánchez Gil -- De artistas e ingenuos / Javier García Alcocer -- Potencia de cálculo / Oscar Gómez García -- Noche eterna / Fabiola Díaz Ballesteros -- Sortilgios explosivos / David García-Saavedra Valle -- Amigo Filomeno / Antonio Nova Gómez -- El día que cobraron los polacos / Felix Antonio Jaime Sánchez -- Sueño y despertares de Mr. Kohlberg / Juan Garcilaso de la Vega Muñoz -- El ususero / Antonia Alarcón Ponce.
|
| 588 |
|
|
|a Description based on print version record.
|
| 650 |
|
0 |
|a Spanish fiction
|y 21st century.
|
| 650 |
|
0 |
|a Short stories, Spanish.
|
| 655 |
|
7 |
|a Electronic books.
|2 local
|
| 700 |
1 |
|
|a Avilero Nieto, María Concepción.
|
| 710 |
2 |
|
|a Project Muse.
|e distributor
|
| 830 |
|
0 |
|a Book collections on Project MUSE.
|
| 856 |
4 |
0 |
|z Texto completo
|u https://projectmuse.uam.elogim.com/book/55002/
|
| 945 |
|
|
|a Project MUSE - Custom Collection
|